00575naa a2200181 450000500170000001000130001702000260003003500130005603700280006903700190009708200130011610000210012924500660015026000450021627000620026130000200032350000500034320110623115826.0 aB-430920 a9780195679649c325.00 aB-430920 bOxford University Press bAllied Pub/Ven a370.954  aThapan, Minakshi aLife at school:ban ethnographic study /cby Meenakshi Thapan aNew DelhibOxford University Pressc2010 aYMCA Library Building, Jai Singh RoadbNew Delhi e110001 axxxi,271pc22cm aIncludes bibliographical references and index